UBT Library

Human resources management for public and nonprofit organizations / (Record no. 43652)

000 -LEADER
fixed length control field 00790cam a2200241 a 4500
001 - CONTROL NUMBER
control field 1637367
005 - DATE AND TIME OF LATEST TRANSACTION
control field 20180227092829.0
008 - FIXED-LENGTH DATA ELEMENTS--GENERAL INFORMATION
fixed length control field 961113s1997 cau b 001 0 eng
010 ## - LIBRARY OF CONGRESS CONTROL NUMBER
LC control number 96050184
020 ## - INTERNATIONAL STANDARD BOOK NUMBER
International Standard Book Number 0787908088 (alk. paper)
040 ## - CATALOGING SOURCE
Original cataloging agency DLC
Transcribing agency DLC
Modifying agency DLC
041 ## - LANGUAGE CODE
Language code of text/sound track or separate title eng
043 ## - GEOGRAPHIC AREA CODE
Geographic area code n-us---
080 ## - UNIVERSAL DECIMAL CLASSIFICATION NUMBER
Universal Decimal Classification number 352.60973 PYN
082 00 - DEWEY DECIMAL CLASSIFICATION NUMBER
Classification number 352.60973 PYN
Edition number 21
100 1# - Rafti
Rafti 52
101 ## - Shkurtesa
Shkurtesa BNJ
245 10 - TITLE STATEMENT
Title Human resources management for public and nonprofit organizations /
Statement of responsibility, etc Joan E. Pynes.
504 ## - BIBLIOGRAPHY, ETC. NOTE
Bibliography, etc Includes bibliographical references (p. 303-326) and indexes.
906 ## - LOCAL DATA ELEMENT F, LDF (RLIN)
a 7
b cbc
c orignew
d 1
e ocip
f 19
g y-gencatlg
942 ## - ADDED ENTRY ELEMENTS (KOHA)
Source of classification or shelving scheme
Item type Books
Holdings
Withdrawn status Lost status Source of classification or shelving scheme Damaged status Not for loan Collection code Permanent location Current location Shelving location Date acquired Total Checkouts Full call number Barcode Date last seen Price effective from Koha item type
          Koleksioni i përgjithshem UBT - Lipjan UBT - Lipjan Koleksioni i përgjithshem 02/27/2018   352.60973 PYN 002-3000404 02/27/2018 02/27/2018 Books
UBT Library © 2015-2024. All rights reserved University Education for Business and Technology